| 000 | 01035nam a2200241 i 4500 | ||
|---|---|---|---|
| 001 | 183786 | ||
| 003 | ES-MaACL | ||
| 005 | 20240212140253.0 | ||
| 008 | 141014s2013 ag |||| | spa d | ||
| 080 | _a821.134.2(82)-1"19" | ||
| 080 | _a821.134.2-1"19" | ||
| 245 | 0 | 0 |
_aPoesía de ida y vuelta _b: Argentina - España. |
| 260 |
_a[Buenos Aires] : _bProsa Amerian, _c[2013] |
||
| 300 |
_a94 p. ; _c23 cm. |
||
| 490 | 1 | _aProsa y poesía | |
| 505 | 8 | _aRoberto Alifano. Alfonso Brezmes. Ester de Izaguirre. Luis Alberto de Cuenca. Manuel Luis Martí. Almudena Guzmán. Antonio Requeni. Jon Juaristi. Alejandro Guillermo Roemmers. Enrique Andrés Ruiz. Osvaldo Tamborra. Milagros Salvador. Diego Valverde Villena. Alejandro Vaccaro. Carlos María Romero Sosa | |
| 650 | 7 |
_aPoesía argentina- _yS. XX _2 _9154637 |
|
| 650 | 4 |
_aPoesías españolas- _yS.XX. _916221 |
|
| 830 | 0 |
_aProsa y poesía _9225017 |
|
| 852 |
_aES-MaACL _jA-13274 _9190737 _bR.149971 _cDEPO1 _dOlim: N-6274 |
||
| 942 |
_2udc _cMONOGRAFIA |
||
| 999 |
_c183786 _d183786 |
||